WEB SECURITY PRIVACY COMMERCE / (Record no. 587440)

000 -LEADER
fixed length control field 00371nam a22001457a 4500
020 ## - INTERNATIONAL STANDARD BOOK NUMBER
Qualifying information PB.
040 ## - CATALOGING SOURCE
Transcribing agency FIZZA ISHAQ
082 ## - DEWEY DECIMAL CLASSIFICATION NUMBER
Classification number 005.8
Author Mark SIM
100 ## - MAIN ENTRY--PERSONAL NAME
Personal name SPAFFERD, GENE GARFIN SIMSON.
9 (RLIN) 86947
245 ## - TITLE STATEMENT
Title WEB SECURITY PRIVACY COMMERCE /
Statement of responsibility, etc. SIMSON GARFIN GENE SPAFFERD.
250 ## - EDITION STATEMENT
Edition statement 2nd ED.
260 ## - PUBLICATION, DISTRIBUTION, ETC.
Place of publication, distribution, etc. NEW YORK :
Date of publication, distribution, etc. 2002.
300 ## - PHYSICAL DESCRIPTION
Extent 756 P. ;
942 ## - ADDED ENTRY ELEMENTS (KOHA)
Source of classification or shelving scheme
Koha item type Book
Holdings
Withdrawn status Lost status Source of classification or shelving scheme Damaged status Not for loan Permanent Location Current Location Date acquired Total Checkouts Full call number Barcode Date last seen Price effective from Koha item type
          NUST Baluchistan Campus (NBC) NUST Baluchistan Campus (NBC) 12/22/2021   005.8 SIM Q-2243 12/22/2021 12/22/2021 Book
© 2023 Central Library, National University of Sciences and Technology. All Rights Reserved.